000 00339pam a2200145 a 4500
020 _c
041 _aeng
082 _a512
_bGALL
100 _aGallan Joseph A.
245 _aContemporary Abstract Algebra
_hTextual Documents
250 _a4th.
260 _a[s.l]:
_bVarosa Publication House ,
_c199.
653 _aAlgebra
930 _a4299
999 _c81217
_d81217